[Event "ESP-ch U10"]
[Site "Salobrena"]
[Date "2022.07.07"]
[Round "6"]
[White "Gonzalez Lopez, Lucas I"]
[Black "Torres Rebolledo, Alvaro"]
[Result "0-1"]
[WhiteElo "1612"]
[BlackElo "1887"]
[PlyCount "116"]
[EventDate "2022.07.04"]
[EventType "swiss"]
[EventRounds "9"]
[EventCountry "ESP"]
[SourceTitle "EXT 2023"]
[Source "ChessBase"]
[SourceDate "2022.10.05"]
[SourceVersion "1"]
[SourceVersionDate "2022.10.05"]
[SourceQuality "1"]

1. d4 d5 2. c4 e6 3. Nf3 Nf6 4. Nc3 Be7 5. Bf4 0-0 6. e3 b6 7. cxd5 Nxd5 8. Nxd5 Qxd5 9. Bd3 Qa5+ 10. Ke2 Ba6 11. a3 c5 12. Qd2 c4 13. Bxh7+ Kxh7 14. Qc2+ Kg8 15. Kd1 Qf5 16. Qxf5 exf5 17. h4 Rd8 18. h5 Bd6 19. Bg5 f6 20. Bh4 Kf7 21. Kc2 Rh8 22. Bg3 Bxg3 23. fxg3 Nd7 24. Rh4 Rae8 25. Kd2 Re4 26. Rh3 b5 27. Rah1 Rh6 28. R1h2 Nb6 29. Rh1 Nd5 30. Re1 Rh8 31. Rhh1 Rhe8 32. Rhf1 Rxe3 33. Rxe3 Nxe3 34. Rf2 Ng4 35. Rf1 Bb7 36. Nh4 Ne3 37. Rf2 Re4 38. Nf3 Ng4 39. Rf1 Re3 40. Nh4 Rd3+ 41. Kc1 Ne3 42. Rg1 Be4 43. Ng6 Rxd4 44. Nf4 a5 45. Ne2 Rd7 46. Nf4 b4 47. axb4 axb4 48. Ne2 Rd8 49. g4 fxg4 50. g3 Bf3 51. Nf4 Rd1+ 52. Rxd1 Nxd1 53. Kc2 b3+ 54. Kc1 c3 55. bxc3 b2+ 56. Kd2 b1Q 57. c4 Qb2+ 58. Ke1 Qf2# 0-1